| 000 | 00530nam a22001937a 4500 | ||
|---|---|---|---|
| 999 |
_c253065 _d253064 |
||
| 003 | OSt | ||
| 005 | 20230626113532.0 | ||
| 008 | 160330b xxu||||| |||| 00| 0 eng d | ||
| 010 | _a859254 | ||
| 020 | _a0138459754 | ||
| 040 | _cN/A | ||
| 050 |
_aQA 276.12 _b.F74 1986 |
||
| 100 | _aFreund,John E.& Richard Manning Smith. | ||
| 245 |
_aA Frist course: _bStatistics. |
||
| 250 | _a4th ed | ||
| 260 |
_aEnglewood Cliffs, New Jersey _bprentice- hall, inc _c1986 |
||
| 300 |
_axiv,557pg _bill,[some col] _c24cm |
||
| 942 |
_2lcc _cBK |
||